000 00427nam a2200157 a 4500
005 20140412111249.0
008 020516s19uu xx 00 eng d
020 _a0-307-11975-0
050 _aER
_bIj8 1988
100 _aMayer, Mercer
245 _aI just forgot /
_cby Mercer Mayer.
260 _aNew York :
_bA Golden Book,
_c1988.
300 _a1 v. (unp.) ; ill.
650 _aChildren stories
_xFiction
999 _c103061
_d103061